000 00301nam a2200133Ia 4500
005 20251222155125.0
008 251222s9999||||xx |||||||||||||| ||spa||
082 _aAFIS 15
100 _aRUSELL S. Weiser,
245 0 _aInmunologĂ­a
250 _a1ra. ed.
264 _bInteramericana
942 _cLIB
999 _c38590
_d38590